[Event "European Online Club-ch-D 2021"]
[Site "Online"]
[Date "2021.03.27"]
[Round "4.11"]
[White "Pascual Palomo, Lucia"]
[Black "Eynullayev, Atilla"]
[Result "0-1"]
[WhiteElo "2101"]
[BlackElo "2347"]
[Annotator "NA"]
[PlyCount "78"]
[EventDate "2021.03.27"]
[EventType "team-tourn"]
[EventCountry "NET"]
[SourceTitle "playchess.com"]
[Source "ChessBase"]
[SourceQuality "1"]
[TimeControl "900+5"]

1. e4 {[%emt 0:00:00]} c5 {[%emt 0:00:02]} 2. Nf3 {[%emt 0:00:03]} d6 {[%emt 0:00:02]} 3. d4 {[%emt 0:00:02]} cxd4 {[%emt 0:00:01]} 4. Nxd4 {[%emt 0:00:03]} Nf6 {[%emt 0:00:02]} 5. Nc3 {[%emt 0:00:02]} a6 {[%emt 0:00:01]} 6. Be2 {[%emt 0:00:01]} e5 {[%emt 0:00:02]} 7. Nb3 {[%emt 0:00:02]} Be7 {[%emt 0:00:01]} 8. O-O {[%emt 0:00:02]} O-O {[%emt 0:00:02]} 9. Be3 {[%emt 0:00:03]} Be6 {[%emt 0:00:02]} 10. a4 {[%emt 0:00:02]} Nc6 {[%emt 0:01:11]} 11. f3 {[%emt 0:00:14]} Nb4 {[%emt 0:00:11]} 12. a5 {[%emt 0:00:09]} Rc8 {[%emt 0:00:29]} 13. Bb6 {[%emt 0:00:41]} Qd7 {[%emt 0:00:05]} 14. Qd2 {[%emt 0:00:53]} d5 {[%emt 0:00:47]} 15. exd5 {[%emt 0:00:13]} Nfxd5 {[%emt 0:00:07]} 16. Nxd5 {[%emt 0:00:08]} Qxd5 {[%emt 0:00:49]} 17. Qxd5 {[%emt 0:00:49]} Bxd5 {[%emt 0:00:03]} 18. c4 {[%emt 0:00:31]} Bxc4 {[%emt 0:00:31]} 19. Bxc4 {[%emt 0:00:00]} Rxc4 {[%emt 0:00:01]} 20. Rae1 {[%emt 0:00:22]} f6 {[%emt 0:00:36]} 21. Rd1 {[%emt 0:00:05]} Nc6 {[%emt 0:01:57]} 22. Rd3 {[%emt 0:00:45]} Kf7 {[%emt 0:00:31]} 23. Rfd1 {[%emt 0:00:05]} Rb4 {[%emt 0:00:55]} 24. R1d2 {[%emt 0:00:57]} Rc8 {[%emt 0:00:28]} 25. Kf2 {[%emt 0:00:26]} e4 {[%emt 0:01:14]} 26. fxe4 {[%emt 0:00:11]} Ne5 {[%emt 0:00:01]} 27. Rg3 {[%emt 0:00:26]} Rxe4 {[%emt 0:01:32]} 28. Bd4 {[%emt 0:01:23]} Bb4 {[%emt 0:01:13]} 29. Bc3 {[%emt 0:02:00]} Bxc3 {[%emt 0:00:33]} 30. bxc3 {[%emt 0:00:04]} Ng4+ {[%emt 0:00:46]} 31. Kf3 {[%emt 0:00:16]} f5 {[%emt 0:00:03]} 32. Rxg4 {[%emt 0:00:48]} Rxc3+ {[%emt 0:00:17]} 33. Kf2 {[%emt 0:00:10]} fxg4 {[%emt 0:00:07]} 34. Nd4 {[%emt 0:00:13]} h5 {[%emt 0:00:06]} 35. g3 {[%emt 0:00:11]} Rc5 {[%emt 0:00:13]} 36. Ne2 {[%emt 0:00:11]} Rxa5 {[%emt 0:00:04]} 37. Nf4 {[%emt 0:00:02]} Rf5 {[%emt 0:00:11]} 38. Rd7+ {[%emt 0:00:11]} Re7 {[%emt 0:00:03]} 39. Rd4 {[%emt 0:00:09]} g5 {[%emt 0:00:03]} 0-1

[Event "European Online Club-ch-D 2021"]
[Site "Online"]
[Date "2021.03.27"]
[Round "4.12"]
[White "Azadaliyev, Jahandar"]
[Black "Blasco De La Cruz, Luis"]
[Result "1-0"]
[WhiteElo "1883"]
[BlackElo "1902"]
[Annotator "NA"]
[PlyCount "115"]
[EventDate "2021.03.27"]
[EventType "team-tourn"]
[EventCountry "NET"]
[SourceTitle "playchess.com"]
[Source "ChessBase"]
[SourceQuality "1"]
[TimeControl "900+5"]

1. d4 {[%emt 0:00:00]} Nf6 {[%emt 0:00:06]} 2. c4 {[%emt 0:00:02]} e5 {[%emt 0:00:58]} 3. dxe5 {[%emt 0:00:02]} Ng4 {[%emt 0:00:02]} 4. Bf4 {[%emt 0:00:02]} Bb4+ {[%emt 0:00:02]} 5. Nd2 {[%emt 0:00:02]} Nc6 {[%emt 0:00:02]} 6. Ngf3 {[%emt 0:00:02]} Qe7 {[%emt 0:00:02]} 7. a3 {[%emt 0:00:01]} Ngxe5 {[%emt 0:00:16]} 8. Nxe5 {[%emt 0:00:04]} Nxe5 {[%emt 0:00:07]} 9. e3 {[%emt 0:00:02]} Bxd2+ {[%emt 0:00:07]} 10. Qxd2 {[%emt 0:00:01]} O-O {[%emt 0:00:04]} 11. Qc3 {[%emt 0:00:03]} d6 {[%emt 0:00:01]} 12. c5 {[%emt 0:00:39]} Ng6 {[%emt 0:00:28]} 13. cxd6 {[%emt 0:00:14]} cxd6 {[%emt 0:00:02]} 14. Bg3 {[%emt 0:00:23]} d5 {[%emt 0:00:17]} 15. Qd4 {[%emt 0:00:06]} Be6 {[%emt 0:00:15]} 16. Bd3 {[%emt 0:00:04]} Rfc8 {[%emt 0:01:26]} 17. O-O {[%emt 0:00:03]} a6 {[%emt 0:00:32]} 18. Rac1 {[%emt 0:00:14]} Qd7 {[%emt 0:00:50]} 19. Rcd1 {[%emt 0:00:10]} Nf8 {[%emt 0:01:11]} 20. Rd2 {[%emt 0:00:39]} f5 {[%emt 0:00:09]} 21. Rfd1 {[%emt 0:00:09]} Qf7 {[%emt 0:00:37]} 22. Bb1 {[%emt 0:00:16]} Nd7 {[%emt 0:00:06]} 23. Ba2 {[%emt 0:00:04]} Nf6 {[%emt 0:00:38]} 24. f3 {[%emt 0:00:06]} Re8 {[%emt 0:01:23]} 25. Bh4 {[%emt 0:00:38]} Rad8 {[%emt 0:00:33]} 26. Bxf6 {[%emt 0:00:04]} Qxf6 {[%emt 0:00:16]} 27. Qxf6 {[%emt 0:00:04]} gxf6 {[%emt 0:00:00]} 28. Kf2 {[%emt 0:00:02]} Kf7 {[%emt 0:01:04]} 29. Rd4 {[%emt 0:00:14]} Rc8 {[%emt 0:00:18]} 30. Bxd5 {[%emt 0:00:11]} Bxd5 {[%emt 0:00:20]} 31. Rxd5 {[%emt 0:00:01]} Rc2+ {[%emt 0:00:02]} 32. R1d2 {[%emt 0:00:02]} Rec8 {[%emt 0:00:18]} 33. Ke2 {[%emt 0:00:11]} Ke6 {[%emt 0:00:04]} 34. Rd6+ {[%emt 0:00:04]} Ke7 {[%emt 0:00:04]} 35. Rd7+ {[%emt 0:00:02]} Ke8 {[%emt 0:00:07]} 36. Rxh7 {[%emt 0:00:07]} Rxd2+ {[%emt 0:00:29]} 37. Kxd2 {[%emt 0:00:04]} Rc5 {[%emt 0:00:02]} 38. Rxb7 {[%emt 0:00:05]} a5 {[%emt 0:00:02]} 39. b4 {[%emt 0:00:03]} axb4 {[%emt 0:00:02]} 40. axb4 {[%emt 0:00:01]} Rd5+ {[%emt 0:00:02]} 41. Kc2 {[%emt 0:00:01]} Kf8 {[%emt 0:00:02]} 42. Rc7 {[%emt 0:00:02]} Rb5 {[%emt 0:00:06]} 43. Kc3 {[%emt 0:00:03]} Re5 {[%emt 0:00:01]} 44. Kd4 {[%emt 0:00:02]} Rb5 {[%emt 0:00:01]} 45. Rc4 {[%emt 0:00:09]} Kf7 {[%emt 0:00:02]} 46. e4 {[%emt 0:00:01]} fxe4 {[%emt 0:00:02]} 47. fxe4 {[%emt 0:00:02]} Rh5 {[%emt 0:00:01]} 48. h3 {[%emt 0:00:02]} Rg5 {[%emt 0:00:01]} 49. g4 {[%emt 0:00:02]} Rb5 {[%emt 0:00:03]} 50. Kc3 {[%emt 0:00:02]} Re5 {[%emt 0:00:07]} 51. Kb3 {[%emt 0:00:02]} Kg6 {[%emt 0:00:02]} 52. h4 {[%emt 0:00:02]} Kh6 {[%emt 0:00:02]} 53. Ka4 {[%emt 0:00:02]} Kg6 {[%emt 0:00:04]} 54. b5 {[%emt 0:00:02]} Re7 {[%emt 0:00:02]} 55. b6 {[%emt 0:00:01]} Kh6 {[%emt 0:00:01]} 56. Rb4 {[%emt 0:00:03]} Rb7 {[%emt 0:00:00]} 57. Ka5 {[%emt 0:00:01]} Kg6 {[%emt 0:00:03]} 58. Ka6 {[%emt 0:00:02]} 1-0

[Event "European Online Club-ch-D 2021"]
[Site "Online"]
[Date "2021.03.27"]
[Round "4.14"]
[White "Pelletier, Yannick"]
[Black "Howell, David W L"]
[Result "0-1"]
[WhiteElo "2581"]
[BlackElo "2658"]
[Annotator "TA"]
[PlyCount "124"]
[EventDate "2021.03.27"]
[EventType "team-tourn"]
[EventCountry "NET"]
[SourceTitle "playchess.com"]
[Source "ChessBase"]
[SourceQuality "1"]

{[%evp 24,124,16,0,0,0,7,0,12,0,0,0,0,0,0,0,6,5,14,5,6,0,0,-22,81,79,80,84,116,99,230,242,236,238,236,231,231,217,328,293,397,382,404,385,455,444,429,426,497,455,482,506,504,493,492,489,475,475,445,18,16,-66,-66,-66,-66,-67,-67,-72,-81,-88,-59,-137,-137,-146,-146,-146,-146,-155,-150,-150,-150,-150,-150,-150,-145,-724,-722,-717,-649,-1210,-1210,-1152,-862,-11340,-12383,-12796,-6506,-29972,-29973,-29973,-29974,-29974,-29975]} 1. d4 Nf6 2. c4 e6 3. Nc3 Bb4 4. Nf3 c5 5. e3 O-O 6. Bd3 d5 7. O-O cxd4 8. exd4 dxc4 9. Bxc4 b6 10. Bg5 Bb7 11. Re1 Nc6 12. a3 Be7 13. Qd3 h6 {E57: Nimzo-Indian: Rubinstein: Main Line: 7...Nc6 8 a3 dxc4 9 Bxc4 cxd4.} 14. Bf4 Bd6 15. Be5 {[#]} Bxe5 $146 {The position is equal.} ({Predecessor:} 15... Na5 16. Ba6 Bxe5 {½-½ (16) Ivanov,S (2542)-Khairullin,I (2617) St Petersburg 2010}) 16. dxe5 Qxd3 17. Bxd3 Rfd8 18. Rad1 Nd7 19. Be4 Na5 20. Bxb7 Nxb7 21. b4 Rac8 22. Nb5 a6 23. Na7 (23. Nd6 {looks sharper.} Nxd6 24. Rxd6 Kf8 25. Kf1 Ke7 26. Red1) 23... Rc3 (23... Rc7 $1 $11) 24. Rc1 $1 $36 {[%cal Rc1c3][%mdl 2048] White is in control.} Rxc1 25. Rxc1 b5 26. h4 {Black must now prevent Rc7.} Nb6 (26... Nb8 $16 {was called for.}) 27. Rc6 $1 $18 {[%cal Rc6b6]} Nc4 28. Rxa6 Ra8 29. Nd4 Nxe5 30. Ndxb5 Rd8 (30... Nd8 $142 31. g3 g5 32. hxg5 hxg5) 31. Nc6 Rd1+ 32. Kh2 Ng4+ 33. Kg3 h5 34. Ra8+ Kh7 35. Rb8 Nd6 36. Nxd6 Rxd6 {[%mdl 4096] Endgame KRN-KRN} 37. b5 {[%cal Bb4b5,Bb5b6,Bb6b7][%mdl 32]} Rd3+ 38. f3 Rxa3 39. b6 Ne3 40. b7 Nf5+ {[#]} 41. Kf4 $2 (41. Kh2 $1 $18 Rb3 42. Na5) 41... Rb3 $11 42. Na5 (42. g4 $11 hxg4 43. fxg4 (43. Kxg4 Nd6 $11)) 42... Rb4+ $15 43. Ke5 {aiming for Rd8.} Rb5+ {[%mdl 64] Double Attack} 44. Ke4 {Rd8 is the strong threat.} Nd6+ 45. Kd3 Kg6 46. Nc4 Rb3+ (46... Nxb7 {is more complex.} 47. Ke3 Rc5 48. Kd4 Rd5+ 49. Ke3 Na5) 47. Kc2 (47. Kd4 $15 Nxb7 48. Nd6) 47... Rxb7 $17 48. Ne5+ Kf6 49. Rxb7 Nxb7 {KN-KN} 50. Nc4 Kf5 {And now ...Kf4 would win.} 51. g3 e5 52. Kd2 f6 53. Ke3 Ke6 54. f4 $2 {[%mdl 8192]} (54. Kf2 $17) 54... Nd6 $19 55. Nd2 {[#]} Kf5 $1 56. fxe5 fxe5 57. Nf3 Ne4 58. g4+ hxg4 59. Ne1 Nf6 60. Ng2 Nd5+ {Black mates.} 61. Kf2 e4 62. Kg3 e3 {Black used his chance.  Weighted Error Value: White=0.76/Black=0.18} 0-1

[Event "European Online Club-ch-D 2021"]
[Site "Online"]
[Date "2021.03.27"]
[Round "4.15"]
[White "McShane, Luke J"]
[Black "Petkidis, Anthony"]
[Result "1-0"]
[WhiteElo "2674"]
[BlackElo "2401"]
[Annotator "TA"]
[PlyCount "93"]
[EventDate "2021.03.27"]
[EventType "team-tourn"]
[EventCountry "NET"]
[SourceTitle "playchess.com"]
[Source "ChessBase"]
[SourceQuality "1"]

{[%evp 9,93,16,25,28,17,21,19,13,29,8,20,1,23,23,27,20,59,68,63,68,88,102,89,76,79,72,86,79,84,84,87,80,82,72,82,51,70,42,45,53,61,61,63,10,35,23,47,30,100,96,102,96,101,95,110,113,120,39,111,4,5,0,0,0,24,0,0,0,0,0,0,0,41,35,43,40,206,206,583,558,12841,5899,29984,29985,29989,29990]} 1. e4 e5 2. Nf3 Nc6 3. Bb5 a6 4. Bxc6 dxc6 5. O-O Qf6 6. d4 {C68: Ruy Lopez: Exchange Variation, sidelines.} exd4 7. Bg5 Qd6 8. Nxd4 {The position is equal.} Be7 9. Be3 Nh6 10. f3 {[#]} (10. h3 {is more complex.} Qg6 11. Qf3 f5 12. Nc3 fxe4 13. Qxe4 Qxe4 14. Nxe4 Nf5 15. Rfe1) 10... Bd7 $146 ({Predecessor:} 10... f5 11. Nc3 O-O 12. Nde2 fxe4 13. Nxe4 Qg6 14. N2g3 Nf5 15. Bf2 h5 16. Qe2 h4 17. Nxf5 Bxf5 {0-1 (54) Travadon,L (2403)-Kantor,G (2519) Budapest 2019}) 11. Nd2 O-O-O 12. Qe2 (12. Nc4 $5 {[%cal Rc4d6]} Qf6 13. Nb3 $14) 12... g5 13. Nc4 Qf6 14. Nb3 {Threatens to win with Bd4.} Be6 15. Nca5 {Nxb7! is the strong threat.} Qe5 {[#]} 16. Nxc6 $1 bxc6 17. Qxa6+ {[%mdl 64] Double Attack} Kd7 18. Rad1+ Bd6 19. f4 $1 {[%cal Rf4e5]} Qb5 20. Qxb5 ({Don't blunder} 20. fxg5 $2 Qxa6 21. Nc5+ Kc8 $19) 20... cxb5 {[#]} 21. e5 $1 {[%cal Re5d6][%mdl 64] Pin} Nf5 22. Kf2 Rhe8 {Hoping for ...Bxb3.} 23. Bc1 g4 24. exd6 cxd6 25. Nc5+ $1 Ke7 26. Nd3 (26. Nxe6 $14 fxe6 27. Rfe1) 26... Rc8 27. Nb4 Rc4 28. c3 Rec8 (28... Re4 $11 {keeps the balance.}) 29. Nd5+ $16 Bxd5 30. Rxd5 {[%mdl 64] Double Attack} R4c5 31. Re1+ Kf6 32. Rxc5 dxc5 {[%mdl 4096] Endgame KRB-KRN} 33. Be3 (33. Re5 $16) 33... b4 ({Black should play} 33... Nd6 $14) 34. Rc1 (34. Bd2 $16) 34... Ra8 $11 35. Ra1 bxc3 36. bxc3 Ra3 37. Bc1 Ra4 38. Ke2 Ke6 39. Kd3 Kd5 40. a3 Re4 41. a4 c4+ 42. Kd2 Rxf4 $2 {[#] A mistake that costs the game.} (42... Kc6 $14) 43. a5 $1 $18 {[%cal Ra5a6] Strongly threatening a6.} Rf2+ $2 (43... Nd6 {is a better chance.} 44. a6 Nb5) 44. Ke1 Rxg2 45. a6 Ke4 46. a7 Kd3 47. a8=Q {Weighted Error Value: White=0.11/Black=0.44} 1-0

[Event "European Online Club-ch-D 2021"]
[Site "Online"]
[Date "2021.03.27"]
[Round "4.16"]
[White "Fischer, Daniel"]
[Black "Cheparinov, Ivan"]
[Result "0-1"]
[WhiteElo "2276"]
[BlackElo "2667"]
[Annotator "RC"]
[PlyCount "70"]
[EventDate "2021.03.27"]
[EventType "team-tourn"]
[EventCountry "NET"]
[SourceTitle "playchess.com"]
[Source "ChessBase"]
[SourceQuality "1"]
[TimeControl "900+5"]

1. e4 {[%emt 0:00:00]} c5 {[%emt 0:00:07]} 2. Nf3 {[%emt 0:00:03]} d6 {[%emt 0:00:03]} 3. d4 {[%emt 0:00:02]} cxd4 {[%emt 0:00:01]} 4. Nxd4 {[%emt 0:00:00]} Nf6 {[%emt 0:00:01]} 5. Nc3 {[%emt 0:00:01]} a6 {[%emt 0:00:04]} 6. Be3 {[%emt 0:00:01]} e5 {[%emt 0:00:02]} 7. Nb3 {[%emt 0:00:02]} Be7 {[%emt 0:00:04]} 8. h3 {[%emt 0:00:01]} Be6 {[%emt 0:00:17]} 9. f4 {[%emt 0:00:01]} Nc6 {[%emt 0:00:19]} 10. f5 {[%emt 0:00:14]} Bxb3 {[%emt 0:00:02]} 11. axb3 {[%emt 0:00:05]} Nb4 {[%emt 0:00:02]} 12. g4 {[%emt 0:00:46]} d5 {[%emt 0:00:28]} 13. exd5 {[%emt 0:00:09]} Nfxd5 {[%emt 0:00:26]} 14. Nxd5 {[%emt 0:00:17]} Nxd5 {[%emt 0:00:40]} 15. Bf2 {[%emt 0:00:29]} Bb4+ {[%emt 0:01:15]} 16. c3 {[%emt 0:01:18]} Nxc3 {[%emt 0:00:03]} 17. bxc3 {[%emt 0:00:01]} Bxc3+ {[%emt 0:00:01]} 18. Ke2 {[%emt 0:00:01]} Bxa1 {[%emt 0:00:01]} 19. Qxa1 {[%emt 0:00:02]} Qd5 {[%emt 0:00:09]} 20. Rg1 {[%emt 0:01:23]} Rc8 {[%emt 0:00:31]} 21. Qb1 {[%emt 0:01:21]} O-O {[%emt 0:00:04]} 22. Rg3 {[%emt 0:00:52]} Rfd8 {[%emt 0:00:56]} 23. Rd3 {[%emt 0:00:56]} Qe4+ {[%emt 0:01:47]} 24. Be3 {[%emt 0:00:05]} Rxd3 {[%emt 0:00:33]} 25. Qxd3 {[%emt 0:00:02]} Rc2+ {[%emt 0:00:02]} 26. Kd1 {[%emt 0:00:18]} Qxd3+ {[%emt 0:00:02]} 27. Bxd3 {[%emt 0:00:00]} Rc3 {[%emt 0:00:11]} 28. Kd2 {[%emt 0:00:12]} Rxb3 {[%emt 0:00:09]} 29. Bc4 {[%emt 0:00:31]} Rb2+ {[%emt 0:00:22]} 30. Kc3 {[%emt 0:00:36]} Rh2 {[%emt 0:00:02]} 31. Bf1 {[%emt 0:00:48]} b5 {[%emt 0:00:16]} 32. Kb4 {[%emt 0:00:14]} Rh1 {[%emt 0:00:39]} 33. Bg2 {[%emt 0:00:10]} Rb1+ {[%emt 0:00:45]} 34. Ka5 {[%emt 0:00:57]} b4 {[%emt 0:00:22]} 35. Bc5 {[%emt 0:01:55]} b3 {[%emt 0:00:08]} 0-1

[Event "European Online Club-ch-D 2021"]
[Site "Online"]
[Date "2021.03.27"]
[Round "4.17"]
[White "Ivanchuk, Vasyl"]
[Black "Lupulescu, Constantin"]
[Result "1-0"]
[WhiteElo "2678"]
[BlackElo "2656"]
[Annotator "TA"]
[PlyCount "133"]
[EventDate "2021.03.27"]
[EventType "team-tourn"]
[EventCountry "NET"]
[SourceTitle "playchess.com"]
[Source "ChessBase"]
[SourceQuality "1"]

{[%evp 9,133,0,9,0,14,8,11,7,0,0,0,0,0,0,36,-29,-13,-21,-26,-37,-19,-21,0,-77,-42,-42,-40,-47,-24,-67,-57,-50,-44,-104,-97,-97,-98,-97,-97,-121,-121,-121,-121,-121,-121,-132,-93,-94,-97,-93,-79,-79,-79,-79,-79,-79,-57,-72,-66,-69,-50,-73,-28,-47,-48,-46,-46,-47,-46,-46,-54,-59,-8,-8,-8,-9,0,0,0,0,0,0,2,0,33,35,42,42,71,66,66,64,79,60,66,66,164,155,231,164,162,155,139,8,90,8,217,9,9,9,9,8,8,8,296,70,70,59,57,-8,4837,4706,3930,1504,1078,844]} 1. Nf3 d5 2. d4 Nf6 3. c4 e6 4. Nc3 Nbd7 5. e3 a6 6. b3 {D37: Queen's Gambit Declined: 5 Bf4.} b6 7. Bb2 Bb7 8. cxd5 $5 {[%mdl 4] The position is equal. A promising side line.} exd5 9. g3 Bd6 {[#]} 10. Bh3 $1 $146 {[%mdl 8] A relevant novelty.} ({Predecessor:} 10. Bg2 Ne4 11. O-O Nxc3 12. Bxc3 Qe7 13. Rc1 a5 14. Qc2 Nf6 15. Ne5 O-O 16. Bb2 a4 17. Nc4 Bb4 18. Ne5 Bd6 19. Nc4 Bb4 20. Ne5 {½-½ (20) Malakhov,V (2669)-Rakhmanov,A (2645) Ruma 2020}) 10... Qe7 11. Qc2 O-O-O 12. Ne5 (12. O-O $14) 12... Bxe5 13. dxe5 Qxe5 14. O-O Qh5 15. Bg2 Ne5 $36 {[%mdl 2048] Black fights for an advantage.} 16. Qe2 (16. Rfc1 $11) 16... Qxe2 (16... Qf5 {is more complex.} 17. Rfd1 Rhe8 18. Na4 Kb8 19. Rac1 Rd7) 17. Nxe2 Rhe8 18. Rfd1 Ne4 19. Nf4 f5 20. f3 Nf6 21. Rd2 ({Better is} 21. Nd3 $15 Nfd7 22. Kf2) 21... d4 $17 22. Rxd4 Nxf3+ 23. Bxf3 Bxf3 24. Rxd8+ Rxd8 25. Bxf6 gxf6 {[%mdl 4096] Endgame KRB-KRN} 26. Kf2 Be4 27. Ke1 Rd6 28. Rc1 a5 29. a3 h6 30. b4 axb4 31. axb4 Kb7 32. Rc3 Rd7 33. Ne6 Re7 34. Nd4 Re8 35. Nb5 Bc6 (35... Re5 $5 {[%cal Re5b5]} 36. Nd4 c5 37. bxc5 bxc5 $17) 36. Nd4 Bd7 37. Ra3 c5 38. bxc5 bxc5 39. Ne2 Bb5 40. Nf4 Kc6 (40... Rd8 $15) 41. Kd2 Rd8+ 42. Kc3 Rd1 43. Ra7 Rc1+ 44. Kd2 Rh1 45. h4 Rg1 46. Rf7 c4 ({Of course not} 46... Rxg3 $6 47. Rxf6+ Kd7 48. Rxf5 $16) 47. Rxf6+ Kc5 48. Kc3 Rc1+ 49. Kb2 $1 {[%cal Rb2c1]} Rg1 50. Rxf5+ Kc6 51. Rf6+ (51. Re5 {with more complications.} Rxg3 52. Kc3 Ba6 53. Re6+ Kb5 54. h5) 51... Kc5 52. Rxh6 {Hoping for Rh5+.} Rxg3 (52... Bc6 $14) 53. Rh5+ $18 Kb6 (53... Kc6 $16) 54. Re5 {Strongly threatening h5.} Rg1 55. h5 Rh1 56. Re6+ (56. Kc3 $16) 56... Ka5 (56... Kc5 $11 {keeps the balance.}) 57. h6 (57. Kc3 $16) 57... Bd7 $2 {[#]} (57... Kb4 $11 {and Black is okay.} 58. Nd5+ Kc5) 58. Re5+ $2 (58. Rd6 $1 $18 {[%cal Rd6d7]} Bg4 59. Kc3) 58... Kb4 $11 59. Nd5+ Kc5 60. Nf6+ (60. Kc3 {keeps more tension.} Kd6 61. Rg5 Be6 62. Nf4 Rxh6 63. Ra5) 60... Kb4 $1 {...c3+ is the strong threat.} 61. Nxd7 {Black must now prevent Rd5.} Rxh6 $2 {[%mdl 8192] [#] KRN-KR} (61... c3+ $11 {and Black has nothing to worry.} 62. Kc2 Rh2+ 63. Kd1 Rh1+ 64. Ke2 (64. Kc2 Rh2+ 65. Kc1 Rh1+ 66. Kc2 $11) 64... c2) 62. Re4 $2 (62. Kc2 $1 $18) 62... Rh2+ $14 63. Kc1 {Threatens to win with Ne5.} Kc3 $1 {[%cal Rh2h1]} 64. Kd1 ({White should try} 64. Kb1 $14) 64... Rh5 $2 {[%mdl 8192]} (64... Rd2+ $11 65. Kc1 Rxd7) 65. Ne5 $18 {White is clearly winning.} Rh1+ 66. Ke2 Rh2+ 67. Kf3 {Weighted Error Value: White=0.20/Black=0.19} 1-0

[Event "European Online Club-ch-D 2021"]
[Site "Online"]
[Date "2021.03.27"]
[Round "4.18"]
[White "Dolana, Andrei-Theodor"]
[Black "Lagarde, Maxime"]
[Result "0-1"]
[WhiteElo "2359"]
[BlackElo "2640"]
[Annotator "ChessBase"]
[PlyCount "68"]
[EventDate "2021.03.27"]
[EventType "team-tourn"]
[EventCountry "NET"]
[SourceTitle "playchess.com"]
[Source "ChessBase"]
[SourceQuality "1"]
[TimeControl "900+5"]

1. Nf3 {[%emt 0:00:00]} c5 {[%emt 0:00:10]} 2. c4 {[%emt 0:00:12]} Nc6 {[%emt 0:00:03]} 3. e3 {[%emt 0:01:00]} e5 {[%emt 0:00:30]} 4. Nc3 {[%emt 0:00:03]} Nf6 {[%emt 0:00:08]} 5. d4 {[%emt 0:00:03]} e4 {[%emt 0:00:03]} 6. d5 {[%emt 0:01:52]} exf3 {[%emt 0:00:03]} 7. dxc6 {[%emt 0:00:02]} bxc6 {[%emt 0:00:00]} 8. Qxf3 {[%emt 0:00:05]} Bd6 {[%emt 0:00:18]} 9. Bd3 {[%emt 0:00:47]} O-O {[%emt 0:00:53]} 10. O-O {[%emt 0:00:04]} Be5 {[%emt 0:01:01]} 11. h3 {[%emt 0:01:45]} Re8 {[%emt 0:01:07]} 12. Rd1 {[%emt 0:00:12]} Rb8 {[%emt 0:01:02]} 13. Rb1 {[%emt 0:01:41]} h6 {[%emt 0:02:27]} 14. Na4 {[%emt 0:01:25]} Qe7 {[%emt 0:00:43]} 15. b3 {[%emt 0:00:07]} d6 {[%emt 0:00:56]} 16. Bb2 {[%emt 0:00:06]} g5 {[%emt 0:00:12]} 17. Bf5 {[%emt 0:01:41]} Kg7 {[%emt 0:01:06]} 18. Bc3 {[%emt 0:01:54]} Bxc3 {[%emt 0:00:23]} 19. Nxc3 {[%emt 0:00:02]} Qe5 {[%emt 0:00:00]} 20. Bxc8 {[%emt 0:00:07]} Rbxc8 {[%emt 0:00:22]} 21. Rd3 {[%emt 0:00:03]} Re6 {[%emt 0:00:13]} 22. Rbd1 {[%emt 0:00:03]} h5 {[%emt 0:00:27]} 23. Ne2 {[%emt 0:01:10]} Ne4 {[%emt 0:00:10]} 24. Qxh5 {[%emt 0:00:12]} Rh8 {[%emt 0:00:04]} 25. Qg4 {[%emt 0:01:02]} Rh4 {[%emt 0:00:22]} 26. f4 {[%emt 0:00:06]} Qb2 {[%emt 0:00:07]} 27. Qf3 {[%emt 0:00:07]} g4 {[%emt 0:00:04]} 28. hxg4 {[%emt 0:00:16]} Reh6 {[%emt 0:00:02]} 29. Kf1 {[%emt 0:00:25]} Rh1+ {[%emt 0:00:19]} 30. Ng1 {[%emt 0:00:02]} Re6 {[%emt 0:01:31]} 31. g5 {[%emt 0:00:41]} Qxa2 {[%emt 0:00:33]} 32. f5 {[%emt 0:00:18]} Re5 {[%emt 0:00:01]} 33. f6+ {[%emt 0:00:03]} Kg6 {[%emt 0:00:02]} 34. Qg4 {[%emt 0:00:09]} Qf2# {[%emt 0:00:03]} 0-1